LEADER 00960nam0 2200229 i 450 001 VAN00071605 005 20240806100554.3 100 $a20090925d2000 |0itac50 ba 101 $aita 102 $aIT 105 $a|||| ||||| 200 1 $aˆIl ‰risparmio gestito$eattività e strumenti degli intermediari finanziari bancari e non bancari$eatti del Convegno$eViterbo, 28 febbraio 2000$fa cura di Tommaso Federici 205 $aRoma : CISU$b2000 210 $a144 p.$a24 cm 215 $aIn testa al front.: Università degli studi della Tuscia, Facoltà di economia. 702 1$aFederici$bTommaso$3VANV056507 801 $aIT$bSOL$c20240906$gRICA 899 $aBIBLIOTECA DEL DIPARTIMENTO DI ECONOMIA$1IT-CE0106$2VAN03 912 $aVAN00071605 950 $aBIBLIOTECA DEL DIPARTIMENTO DI ECONOMIA$d03PREST IIBc31 $e03 28983 20090925 996 $aRisparmio gestito$9670254 997 $aUNICAMPANIA